000
00401nam a22001217a 4500
003
SGT
082
_a
080
_b
B73V
100
_a
वाजपेयी, अटल बिहारी
245
_a
भारतीय जनसंघ घोषणाएं व प्रस्ताव 1951-72
260
_b
भारतीय जनसंघ प्रकाशन
_c
1973
300
_a
232
942
_2
ddc
_c
BK
999
_c
31514
_d
31514